Score 0/100 Timer 10:00
0 Plays Today
% Correct
Future
98.5%
Living
97.2%
Sixth
95.2%
Lies
93.5%
Coming
93.3%
Saving
91.9%
Paranormal
91%
Million
90.6%
Softly
90.3%
Confused
90.3%
Machine
89.9%
Forrest
89.5%
Schindler's
89.5%
Donnie
89.2%
Marshall
88.7%
Wedding
88.4%
Green
88.2%
Pi
87.7%
Country
87.5%
Django
87.2%
Wayne's
86.8%
Sunshine
86.7%
Beast
86.6%
Mail
86%
Beautiful
86%
Butterfly
85.9%
Torino
85.9%
Monsters
85.5%
Kissed
85%
Excellent
84.9%
Pretty
84.7%
Wall
84.5%
Maguire
83.9%
Dreams
83.9%
% Correct
Social
83.3%
Dark
83%
Striped
83%
Raiders
82.8%
Bridge
82.7%
Knight
82.3%
Rear
81.7%
Walk
81.7%
Left
80.3%
Pineapple
78.8%
Malcolm
78.4%
Zhivago
78.3%
Shallow
77.5%
Fight
77%
Greek
76.4%
First
75.2%
Cable
75.2%
Underdog
75.1%
Bears
75.1%
Carter
74.6%
Blank
74.4%
Distance
73.5%
Boleyn
73.2%
Ball
73%
Engagement
72.8%
Two
72.2%
Brothers
71.6%
Cast
71.4%
Sunset
70%
Durham
70%
Now
69.6%
Woman
68.1%
Strangers
67.7%
Married
67.3%
% Correct
Transylvania
67%
Tin
64.8%
Long
64.7%
Reacher
64.4%
Mood
63.3%
Swan
62.8%
Guardians
61.1%
Funny
61%
Forrester
60.2%
Fury
59.8%
Coco
58.9%
Summer
58.8%
Eight
57.9%
Troopers
57%
Road
54.6%
Samurai
53.7%
Blood
52.4%
Time
50.8%
Motorcycle
48%
Stalag
47.5%
Five
47.4%
40
47.1%
Grandma's
46%
Mullholland
40.1%
Guilt
40%
Undercover
39.6%
Lust
39%
Neighbor
38.6%
Children
38.1%
Backbone
35.8%
Fireflies
35.4%
Beethoven
33.6%
Remove Ads.
Support Sporcle.
Get the best of Sporcle when you Go Orange. This ad-free experience offers more features, more stats, and more fun while also helping to support Sporcle. Thank you for becoming a member.

You're not logged in!

Compare scores with friends on all Sporcle quizzes.
OR
Log In

Show Comments

Extras

Top Quizzes Today


Score Distribution

Your Account Isn't Verified!

In order to create a playlist on Sporcle, you need to verify the email address you used during registration. Go to your Sporcle Settings to finish the process.

Report this User

Report this user for behavior that violates our Community Guidelines.

Details: